Hymny narodowe na świecie - Statystyki

Ogólne statystyki
  • Ten quiz został rozwiązany 28 razy
  • Średni wynik to 8 z 15
Statystyki odpowiedzi
Zagadnienie Odpowiedź % Poprawnych
Hymni i Flamurit (Hymn o fladze) Albania
80%
Land der Berge, Land am Strome (Kraju gór, kraju rzek) Austria
80%
Ja, vi elsker dette landet (Tak, kochamy ten kraj) Nowergia
80%
Imnos is tin Eleftherian (Hymn do wolności) Cypr
60%
Tu bandera es un lampo de cielo (Twoja flaga jest niebiańsko jasna) Honduras
60%
Hatikwa (Nadzieja) Izrael
60%
Nokoreach (Majestatyczne królestwo) Kambodża
60%
Bože pravde (Sprawiedliwy Boże) Serbia
60%
Canción Patriótica (Pieśń patriotyczna) Boliwia
40%
Isle of Beauty, Isle of Splendour (Wyspa piękności, wyspa chwały) Dominika
40%
Amhrán na bhFiann (Żołnierska pieśń) Irlandia
40%
Nashīd as-Salām as-Sultānī (Hymn Sułtana) Oman
40%
Pak sar zamin śad bad (Błogosławiony niech będzie ten święty kraj) Pakistan
40%
Pátria (Ojczyzna) Timor Wschodni
40%
La Bayamesa (Pieśń Bayamo) Kuba
20%
Nie znaleziono quizów pasujących do podanych kryteriów
Rozkład punktacji
Procent ludzi z każdym wynikiem
Percentyl według liczby udzielonych odpowiedzi
Twoja historia wyników
Nie rozwiązałeś tego quizu